000 01095nam a22003257a 4500
003 CHAP
005 20220329135850.0
008 971013s1985 mx a r 00010 spa d
010 _a43509
011 _a44481
035 _a48619
040 _cCHAP
090 _aFolleto 10165
100 0 0 _aSáenz Coloma, Wistano.
_9107257
245 1 _aBalanza de pagos
_b: definición y composición
260 _aMéxico, D.F. :
_bInstituto Mexicano de Comercio Exterior,
_c1985
300 _a69 p.
_b; gráfs.
490 _aCuadernos didácticos de comercio exterior
590 _aBATCH-UPD
_b10
_c20130110
_lUCH01
_h0208
590 _aBATCH-UPD
_b10
_c20130110
_lUCH01
_h1615
590 _aBATCH-UPD
_b10
_c20130409
_lUCH01
_h2222
590 _aBATCH-UPD
_b10
_c20130410
_lUCH01
_h1010
590 _aBATCH-UPD
_b10
_c20130914
_lUCH01
_h0527
590 _aCONVERSION
_b10
_c20130109
_lUCH01
_h1324
650 1 4 _aBalanza de pagos
_zMéxico.
_99613
830 0 _aCuadernos didácticos de comercio exterior
_929856
901 _aBK
942 _cFOLL
949 _aFolleto 10165
_bBC
_cFOLL
_d-110009
_eTS1
_i48619
_mD
_si
999 _c43509
_d43509